000 00214nam a22000857a 4500
008 161205b xxu||||| |||| 00| 0 eng d
100 _91795
_aCBS
245 _aSocial Science-IX-II
260 _aNew Delhi
_bV.K. Global
_c2016
999 _c4504
_d4504